000 00542nam a2200145Ia 4500
008 170221s9999 xx 000 0 und d
100 _aAhamad Faosiy Ogunbado
245 _aIslamic Perspective of the Followers: A Neglected Aspect in Locus of Leadership
245 _cAhamad Faosiy Ogunbado, Umar Ahmed, Yusuf Sani Abu Bakar, Aziz Abu Bakr
260 _bInternational Review of Management and Marketing
260 _c2012
300 _a1 : 4
650 _xMarketing.
856 _uhttp://www.econjournals.com/index.php/irmm/issue/view/97
999 _c314027
_d314027